000 01136nam a2200241 a 4500
001 000723845
003 AM-YeHGA
005 20260409154857.0
008 100325s2010 ai | |||||||||||||arm|d
020 _a978-5-8080-0811-3
040 _aAM-YeHGA
041 0 _aarm
100 1 _aՀարությունյան, Վլադիմիր Լիպարիտի,
_d1957-2022
_93632
245 1 0 _aՀարկեր և հարկագանձում /
_cՎ.Լ. Հարությունյան, Դ.Վ. Հարությունյան, Տ.Վ. Հարությունյան ; Խմբ.՝ Յու. Սուվարյան.
260 _aԵրևան :
_bԳիտություն,
_c2010.
300 _a599 էջ :
_bաղյս. ;
_c21 սմ.
504 _aՄատենագիտ. և տողատ. ծանոթ. էջ՝ 522-545 հայ., ռուս. և անգլ.; Հավելված էջ՝ 546-599
650 1 4 _aՀարկեր
_95245
700 1 _aՀարությունյան, Տիգրան Վլադիմիրի,
_d1983-
700 1 _aՀարությունյան, Դավիթ Վլադիմիրի,
_d1985-
_94112
700 1 _aՍուվարյան, Յուրի Միքայելի,
_d1943-
_eխմբ.
_4edt
_92617
942 _2udc
_cBK
999 _c267457
_d267457